La teoría social, hoy / (Record no. 10811)

MARC details
000 -LEADER
fixed length control field 00794nam a22002417a 4500
005 - DATE AND TIME OF LATEST TRANSACTION
control field 20250327085228.0
008 - FIXED-LENGTH DATA ELEMENTS--GENERAL INFORMATION
fixed length control field 250305b ||||| |||| 00| 0 spa d
020 ## - INTERNATIONAL STANDARD BOOK NUMBER
International Standard Book Number 968-39-0450-5
082 ## - DEWEY DECIMAL CLASSIFICATION NUMBER
Edition number 14
Classification number 301
100 1# - MAIN ENTRY--PERSONAL NAME
Personal name Giddens, Anthony
9 (RLIN) 655
245 13 - TITLE STATEMENT
Title La teoría social, hoy /
Statement of responsibility, etc Anthony Giddens, Jonathan Turner ...[et.al.]
260 ## - PUBLICATION, DISTRIBUTION, ETC. (IMPRINT)
Place of publication, distribution, etc Madrid:
Name of publisher, distributor, etc Patria,
Date of publication, distribution, etc 1991
300 ## - PHYSICAL DESCRIPTION
Extent 537 p.
440 ## - SERIES STATEMENT/ADDED ENTRY--TITLE
Title Colección Los Noventa
9 (RLIN) 21359
Number of part/section of a work 51
650 17 - SUBJECT ADDED ENTRY--TOPICAL TERM
Topical term or geographic name as entry element SOCIOLOGIA
9 (RLIN) 693
Source of heading or term unescot
650 17 - SUBJECT ADDED ENTRY--TOPICAL TERM
Topical term or geographic name as entry element INTERACCION SOCIAL
Source of heading or term unescot
9 (RLIN) 777
650 14 - SUBJECT ADDED ENTRY--TOPICAL TERM
Topical term or geographic name as entry element CONDUCTISMO
9 (RLIN) 778
650 17 - SUBJECT ADDED ENTRY--TOPICAL TERM
Topical term or geographic name as entry element ESTRUCTURALISMO
Source of heading or term unescot
9 (RLIN) 776
650 17 - SUBJECT ADDED ENTRY--TOPICAL TERM
Topical term or geographic name as entry element COMPORTAMIENTO SOCIAL
Source of heading or term unescot
9 (RLIN) 753
700 1# - ADDED ENTRY--PERSONAL NAME
9 (RLIN) 21360
Personal name Turner, Jonathan
942 ## - ADDED ENTRY ELEMENTS (KOHA)
Item type Libro, folleto, traducción
Source of classification or shelving scheme Dewey Decimal Classification
980 ## - EQUIVALENCE OR CROSS-REFERENCE-SERIES STATEMENT--PERSONAL NAME/TITLE [LOCAL, CANADA]
Linkage 19226
Personal name Palazón Marcela I.
Field link and sequence number 2
Miscellaneous information Virginia Figueroa
Holdings
Withdrawn status Lost status Source of classification or shelving scheme Damaged status Not for loan Home library Current library Date acquired Full call number Barcode Date last seen Copy number Price effective from Koha item type
    Dewey Decimal Classification     Biblioteca Central Biblioteca Central 05/03/2025 301 GIDt Ej. 2 UNAJ25030018 05/03/2025 2 05/03/2025 Libro, folleto, traducción

Lunes a Viernes 8:30 a 19:00 hs. Cerrado por mudanza
Av.Calchaqui 6200 Florencio Varela (CP188) 2°piso Edificio Mosconi Aula 209-210
Mail: bibliotecacentralunaj@gmail.com  
Whatsapp(54 9)1122668024    ❔Pregunte a la bibliotecaria
© Universidad Nacional Arturo Jauretche | Secretaría Académica | Biblioteca Central UNAJ